LEADER 02646nam 2200721 a 450 001 9910454310203321 005 20200520144314.0 010 $a1-4462-7903-0 010 $a1-4462-3302-2 010 $a1-282-02057-9 010 $a9786612020575 010 $a1-84920-251-6 035 $a(CKB)1000000000716309 035 $a(EBL)420936 035 $a(OCoLC)476254605 035 $a(SSID)ssj0000204639 035 $a(PQKBManifestationID)11184283 035 $a(PQKBTitleCode)TC0000204639 035 $a(PQKBWorkID)10189353 035 $a(PQKB)11780122 035 $a(MiAaPQ)EBC420936 035 $a(OCoLC)1007860087 035 $a(StDuBDS)EDZ0000159118 035 $a(Au-PeEL)EBL420936 035 $a(CaPaEBR)ebr10285244 035 $a(CaONFJC)MIL202057 035 $a(EXLCZ)991000000000716309 100 $a20130912d2001 fy 0 101 0 $aeng 135 $aur|n|---||||| 181 $ctxt 182 $cc 183 $acr 200 10$aModernity and exclusion$b[electronic resource] /$fJoel S. Kahn 210 $aLondon $cSAGE$d2001 215 $a1 online resource (174 p.) 225 1 $aTheory, culture & society 300 $a"Published in association with Theory, Culture & Society, Nottingham Trent University"--t.p. verso. 311 $a0-7619-6656-0 311 $a0-7619-6657-9 320 $aIncludes bibliographical references and index. 327 $aCover; Copyright; Contents; Preface; 1 MODERNITY AND ITS OTHERS: UNIVERSAL IDEALS AND PARTICULAR OUTCOMES; 2 NATURALISING DIFFERENCE: CIVILISATION AND THE PRIMITIVE IN THE BRITISH IMAGINATION; 3 AMERICAN MODERN: ALIENS, DESPOTS AND THE REPUBLIC; 4 CIVILISATIONAL VIRTUES IN THE MALAY KAMPONG; 5 ENCOUNTERING THE OTHER: MODERNISM AND RACISM; REFERENCES; INDEX 330 8 $aThis text re-examines the project of modernity by opposing the abstract, idealized vision of modernity with an alternative ethnographic understanding. The book draws out the specific cultural and religious assumptions underlying popular modernism. 410 0$aTheory, culture & society (Unnumbered) 606 $aCivilization, Modern 606 $aMarginality, Social 606 $aRacism 606 $aEast and West 608 $aElectronic books. 615 0$aCivilization, Modern. 615 0$aMarginality, Social. 615 0$aRacism. 615 0$aEast and West. 676 $a301.01 676 $a305.5/68 676 $a306 700 $aKahn$b Joel S$0526860 801 0$bStDuBDS 801 1$bStDuBDS 906 $aBOOK 912 $a9910454310203321 996 $aModernity and exclusion$91092438 997 $aUNINA